<?xml version="1.0" encoding="UTF-8"?>
<record
    xmlns:xsi="http://www.w3.org/2001/XMLSchema-instance"
    xsi:schemaLocation="http://www.loc.gov/MARC21/slim http://www.loc.gov/standards/marcxml/schema/MARC21slim.xsd"
    xmlns="http://www.loc.gov/MARC21/slim">

  <leader>01069nab a2200205 i 4500</leader>
  <controlfield tag="001">BPP</controlfield>
  <controlfield tag="003">BPK</controlfield>
  <controlfield tag="005">20160310121854.0</controlfield>
  <controlfield tag="008">150518s1980    pl  n  f     |000  0pol</controlfield>
  <datafield tag="040" ind1=" " ind2=" ">
    <subfield code="c">BPK</subfield>
  </datafield>
  <datafield tag="100" ind1=" " ind2=" ">
    <subfield code="a">PAWLINA, W&#x142;odzimierz.</subfield>
    <subfield code="d">1973 - 1980.</subfield>
    <subfield code="b">Wy&#x17C;sza Szko&#x142;a In&#x17C;ynierska w Koszalinie - Instytut Budowy Maszyn,</subfield>
    <subfield code="c">Zak&#x142;ad Elektroniki i Nap&#x119;d&#xF3;w Sterowania</subfield>
  </datafield>
  <datafield tag="245" ind1=" " ind2=" ">
    <subfield code="a">Warto&#x15B;ci wy&#x17C;szych harmonicznych napi&#x119;&#x107; generowanych przez symetrycznie po&#x142;&#x105;czone przeciwsobnie-r&#xF3;wnolegle przekszta&#x142;tniki tyrystorowe /</subfield>
    <subfield code="c">W&#x142;odzimierz Pawlina.</subfield>
  </datafield>
  <datafield tag="260" ind1=" " ind2=" ">
    <subfield code="c">1980.</subfield>
  </datafield>
  <datafield tag="500" ind1=" " ind2=" ">
    <subfield code="a">Dane z autopsji.</subfield>
  </datafield>
  <datafield tag="520" ind1=" " ind2=" ">
    <subfield code="a">W artykule podano niekt&#xF3;re wyniki bada&#x144; przekszta&#x142;tnika tyrystorowego przeprowadzonych w uk&#x142;adzie po&#x142;&#x105;cze&#x144; przeciwsobnie-r&#xF3;wnoleg&#x142;ym oraz przy zasilaniu przekszta&#x142;tnika z sieci sztywnej pr&#x105;du przemiennego.</subfield>
  </datafield>
  <datafield tag="650" ind1=" " ind2="0">
    <subfield code="a">Przekszta&#x142;tniki.</subfield>
  </datafield>
  <datafield tag="650" ind1=" " ind2="0">
    <subfield code="a">Tyrystory.</subfield>
  </datafield>
  <datafield tag="773" ind1=" " ind2=" ">
    <subfield code="i">W :</subfield>
    <subfield code="t">Zeszyty Naukowe Wy&#x17C;szej Szko&#x142;y In&#x17C;ynierskiej w Koszalinie. Prace Instytutu Budowy Maszyn. -</subfield>
    <subfield code="g">1980, nr 3 [10], s. 119-127</subfield>
  </datafield>
  <datafield tag="942" ind1=" " ind2=" ">
    <subfield code="c">ART</subfield>
    <subfield code="2">UKD</subfield>
  </datafield>
  <datafield tag="999" ind1=" " ind2=" ">
    <subfield code="c">4464</subfield>
    <subfield code="d">4464</subfield>
  </datafield>
</record>
